| 000 | 00773cam a2200217 4500 | ||
|---|---|---|---|
| 008 | 090401t1991 xxu||||| |||| 00| 0 eng d | ||
| 020 | _a0906225175 | ||
| 035 | _a(Sirsi) u75351 | ||
| 041 | _aeng | ||
| 050 | _a658.4040285 | ||
| 100 | _aWager, D.M. | ||
| 245 | _aUsing computers for project management: a comprehensive study of project management and project planning software. | ||
| 260 |
_aCambridge _bConstruction Industry Computing Associat _c1991 |
||
| 300 | _a172p. ; 30cm. | ||
| 350 | _a35 | ||
| 520 | _aPublished in association with FACE - International Federation of Associations of Computer Users in Engineering, Architecture and Related Fields. | ||
| 690 |
_aProject management _96261 |
||
| 700 | _aPittard, S.J. | ||
| 942 | _n0 | ||
| 948 | _c04/03/1997 | ||
| 999 |
_c95996 _d95996 |
||